| 000 | 00660nam a2200253Ia 4500 | ||
|---|---|---|---|
| 003 | OSt | ||
| 005 | 20220918175134.0 | ||
| 006 | a|||||r|||| 00| 0 | ||
| 007 | ta | ||
| 008 | 220917b |||||||| |||| 00| 0 eng d | ||
| 024 | _a15,873 | ||
| 037 | _cTextual | ||
| 040 |
_aARTS _cARTS _beng |
||
| 041 |
_2eng _aeng |
||
| 082 | _aO111:g(P), N8 | ||
| 100 |
_aCurrie Mark _953054 |
||
| 245 | 0 | _aPostmodern narrative theory | |
| 260 |
_aHoundmills _bMacmillan Press _c1998 |
||
| 300 |
_ax,169p. _ccm. |
||
| 490 | _aTransitions | ||
| 650 | _aENGLISH LITERATURE | ||
| 942 |
_hO111:g(P), N8 _cTEXL _2CC |
||
| 999 |
_c156266 _d156266 |
||